| 000 | 00455pab a2200169 454500 | ||
|---|---|---|---|
| 008 | 180718b2006 xxu||||| |||| 00| 0 eng d | ||
| 100 | _aHarms, Philipp | ||
| 245 | _aAid, governance and private foreign investment: some puzzling findings for the 1990s | ||
| 260 | _c2006 | ||
| 300 | _ap.773-90. | ||
| 362 | _aJul | ||
| 650 | _aForeign aid | ||
| 650 | _aForeign investment | ||
| 700 | _aLutz, Matthias | ||
| 773 | _aEconomic Journal | ||
| 909 | _a70672 | ||
| 999 |
_c70672 _d70672 |
||